| 000 | 00353 a2200145 4500 | ||
|---|---|---|---|
| 999 |
_c12174 _d12174 |
||
| 003 | OSt | ||
| 005 | 20231223161622.0 | ||
| 008 | 231223b ||||| |||| 00| 0 eng d | ||
| 020 | _a9791186338926 | ||
| 082 | _a692.1 | ||
| 100 | _aPlugin | ||
| 245 |
_aShape construction.2: _bRectangular base |
||
| 260 |
_bPlugin publishing company _c2018 |
||
| 942 | _2ddc | ||